| 000 | 00921nam a2200253Ia 4500 | ||
|---|---|---|---|
| 003 | OSt | ||
| 005 | 20221005105134.0 | ||
| 006 | a|||||r|||| 00| 0 | ||
| 007 | ta | ||
| 008 | 221004b |||||||| |||| 00| 0 hin d | ||
| 020 | _a9788179752456 (hbk) | ||
| 024 | _a107897 | ||
| 037 | _cTextual | ||
| 040 |
_aCRL _cCRL _bhin |
||
| 041 |
_2hin _ahin |
||
| 082 | _aNT42,N, 152P9 | ||
| 100 | _aपालीवाल, रीता रानी | ||
| 245 | 0 |
_aजापानी रंग परंपरा _b नोह, काबुकी और बुनराकु |
|
| 246 | _aJāpānī ranga paranparā: noha, kābukī aur bunarāku | ||
| 260 |
_aनई दिल्ली _bअनामिका पब्लिर्शस भारत _c2009 |
||
| 300 |
_a240पृ0 _ccm. |
||
| 942 |
_hNT42,N, 152P9 _cTEXL _2cc |
||
| 999 |
_c1014891 _d1014891 |
||